LEADER 00604nam a2200181 i 4500 001 000000242082 003 CaOOAMICUS 005 20200505104112.0 008 150527s1837 it u000 u ita u 013 $a220987 040 $aSeMil$bita 245 10$aVol. 2. 300 $a170 p. 773 0 $aMassillon, Jean-Baptist $t16-17: Sermoni panegirici.$dCremona : Luigi De Micheli, 1836-1837.$g2$w()31938 850 $aSeMil 852 $aSeMil$W1$xVenegono$y1$m3F I 478 FA$j192428$B192428$CSeMilBibl$Z2$F203260 $8I 996 $6245$aVol. 2$9(OLS)http://semarc/title/13458 LEADER 00816nab a2200169 i 4500 001 000000275799 003 CaOOAMICUS 005 20230908101332.0 008 180831s1806 it uu u0 0ita r 013 $a25219 040 $aSeMil$bita 100 1 $aKotzebue, August : von,$d<1761-1819>.$0(OLS)http://semarc/name/84155 245 13$aLo scrittoio ovvero I pericoli della gioventù commedia del signor Augusto di Kotzebue dal tedesco recata in italiano da Bartolommeo Benincasa. Versione inedita. 700 1 $aBenincasa, Bartolomeo.$0(OLS)http://semarc/name/84154 773 0 $tTomo 3.$w()204866 996 $6245$aLo scrittoio ovvero I pericoli della gioventù commedia del signor Augusto di Kotzebue dal tedesco recata in italiano da Bartolommeo Benincasa. Versione inedita$9(OLS)http://semarc/title/361594